00351nam a22001097a 4500003000400000020001800004082001400022100003200036245009300068260007200161300000800233SGT a9789385436178 a920bS15D aदेव, संदीप  a स्वामी रामदेव : एक योगी - एक योद्धा bब्लूम्सबैरी पब्लिशिंगc2015 a237